Análisis crítico-discursivo de un texto medieval : el arte cisoria de Enrique Villena (Record no. 154807)

MARC details
000 -CABECERA
campo de control de longitud fija 00717nab a2200241 a 4500
005 - FECHA Y HORA DE LA ÚLTIMA TRANSACCIÓN
campo de control 20210219161311.0
008 - ELEMENTOS DE LONGITUD FIJA--INFORMACIÓN GENERAL
campo de control de longitud fija 991125s1985 mx 000 0 spa u
035 ## - NÚMERO DE CONTROL DEL SISTEMA
Número de control de sistema UPN01000182704
100 1# - ASIENTO PRINCIPAL--NOMBRE PERSONAL
Nombre de persona De Toledo y Huerta, Alvaro S. Octavio
222 ## - TÍTULO CLAVE
Título clave ESPAÑOL ACTUAL :
222 ## - TÍTULO CLAVE
Información calificativa REVISTA DE ESPAÑOL VIVO
245 ## - MENCIÓN DE TÍTULO
Título Análisis crítico-discursivo de un texto medieval : el arte cisoria de Enrique Villena
260 ## - PUBLICACIÓN, DISTRIBUCIÓN, ETC.
Lugar de publicación, distribución, etc. Madrid, España
300 ## - DESCRIPCIÓN FÍSICA
Extensión 221-267
362 0# - FECHAS DE PUBLICACIÓN Y/O DESIGNACIÓN SECUENCIAL
Fecha de publicación y/o designación secuencial 2009 No. 92
653 0# - TERMINO DE INDIZACION - NO CONTROLADO
Término no controlado DISCURSO
653 0# - TERMINO DE INDIZACION - NO CONTROLADO
Término no controlado ANALISIS CRITICO
653 0# - TERMINO DE INDIZACION - NO CONTROLADO
Término no controlado INTERPRETACION TEXTUAL
653 0# - TERMINO DE INDIZACION - NO CONTROLADO
Término no controlado LINGÜISTICA HISTORICA
700 1# - ASIENTO SECUNDARIO--NOMBRE DE PERSONAL
Nombre de persona Borreguero Zuloaga, Margarita,
700 1# - ASIENTO SECUNDARIO--NOMBRE DE PERSONAL
Término indicativo de función/relación coaut
905 ## - TIPO DE MATERIAL
Tipo de material Articulo

No items available.